000 01330cam a2200229 i 4500
003 OSt
005 20260408164713.0
008 121024s2012 ii b 000 0 eng d
020 _a9788182911208 (pbk)
020 _a9780415079761
035 _a(OCoLC)ocn818418395
082 0 4 _a330 KUR
100 1 _aKurien, C. T.
245 1 0 _aWealth and illfare :
_ban expedition into real life economics /
_cC.T. Kurien.
264 1 _aKarnataka :
_bBooks for Change,
_c2012.
300 _a253 p. ;
_c22 cm.
365 _bRs.399.00
505 _aIntroduction- Part I: Basic Economic Activities and Relationship- Chapter 1: The Economics of a Single Household- Chapter 2: The Economics of Multiple Households- Chapter 3: Exchange and Intermediation- Part II: The Intermediaries- Chapter 4: Money and Markets- Chapter 5: Banking and Finance- Part III: Production and Aggregation- Chapter 6: The Organisation of Production- Chapter 7: The State- Chapter 8: The National Economy- Chapter 9: The Global Economy- Part IV: The Indian Economy- Chapter 10: The Indian Economy: Evolution and Structure- Chapter 11: The Indian Economy: Growth and Transformation- Chapter 12: India Today: Wealth and Ill fare- Conclusion- Acknowledgements.
650 0 _aEconomics.
651 0 _aIndia
_xEconomic conditions.
942 _2ddc
_cBK
999 _c115015
_d115015